Richest Countries by GDP Quiz Stats

 Plays Quiz not verified by Sporcle

Challenge
Share
Tweet
Embed
Score 0/30 Timer 10:00
0 Plays Today
GDP Country % Correct
14,580,000,000,000United States of America
99.2%
7,800,000,000,000China
98.1%
2,279,000,000,000United Kingdom
97.7%
4,487,000,000,000Japan
97.1%
2,097,000,000,000France
96.7%
2,863,000,000,000Germany
96.5%
2,225,000,000,000Russia
95.5%
2,030,000,000,000Brazil
95%
1,578,000,000,000Mexico
93.8%
1,336,000,000,000Canada
93.8%
3,319.000,000,000India
93.4%
1,801,000,000,000Italy
93.2%
1,378,000,000,000Spain
92.6%
824,900,000,000Australia
91.1%
585,000,000,000Argentina
86.8%
GDP Country % Correct
506,100,000,000South Africa
83.9%
1,312,000,000,000South Korea
83.1%
600,400,000,000Saudi Arabia
81.2%
452,500,000,000Egypt
79.5%
859,700,000,000Iran
78.7%
932,100,000,000Indonesia
77.7%
930,900,000,000Turkey
76.9%
684,500,000,000Poland
73.6%
687,500,000,000Netherlands
72.7%
454,200,000,000Pakistan
68%
570,100,000,000Thailand
66.7%
398,700,000,000Belgium
63.4%
407,200,000,000Colombia
60.7%
368,600,000,000Venezuela
57.6%
397,500,000,000Malaysia
53.3%

You're not logged in!

Compare scores with friends on all Sporcle quizzes.
Join for Free
OR
Log In

You Might Also Like...

Show Comments

Extras

Top Quizzes Today


Score Distribution

Your Account Isn't Verified!

In order to create a playlist on Sporcle, you need to verify the email address you used during registration. Go to your Sporcle Settings to finish the process.

Report this User

Report this user for behavior that violates our Community Guidelines.

Details: